Percepcion de los usuarios sobre la calidad del servicio de atencion en ventanilla del departamento de registro de la Universidad Nacional (Record no. 74193)

MARC details
000 -CABECERA
campo de control de longitud fija 00680nam a2200205 a 4500
005 - FECHA Y HORA DE LA ÚLTIMA TRANSACCIÓN
campo de control 20210219153332.0
008 - ELEMENTOS DE LONGITUD FIJA--INFORMACIÓN GENERAL
campo de control de longitud fija 991125n 000 0 spa u
035 ## - NÚMERO DE CONTROL DEL SISTEMA
Número de control de sistema UPN01000091909
100 1# - ASIENTO PRINCIPAL--NOMBRE PERSONAL
Nombre de persona Acuña Castro, Yolanda
222 ## - TÍTULO CLAVE
Título clave EDUCACION :
Información calificativa REVISTA DE LA UNIVERSIDAD DE COSTA RICA
245 ## - MENCIÓN DE TÍTULO
Título Percepcion de los usuarios sobre la calidad del servicio de atencion en ventanilla del departamento de registro de la Universidad Nacional
300 ## - DESCRIPCIÓN FÍSICA
Extensión 225-244
362 0# - FECHAS DE PUBLICACIÓN Y/O DESIGNACIÓN SECUENCIAL
Fecha de publicación y/o designación secuencial 1999 Vol. 23, no.1
653 0# - TERMINO DE INDIZACION - NO CONTROLADO
Término no controlado EVALUACION INSTITUCIONAL
653 0# - TERMINO DE INDIZACION - NO CONTROLADO
Término no controlado SERVICIOS ADMINISTRATIVOS
653 0# - TERMINO DE INDIZACION - NO CONTROLADO
Término no controlado UNIVERSIDADES
653 0# - TERMINO DE INDIZACION - NO CONTROLADO
Término no controlado USUARIOS
904 ## - ELEMENTOS DE DATOS D LOCAL, LDD (RLIN)
a AC
b 029720
905 ## - TIPO DE MATERIAL
Tipo de material Articulo

No items available.